<?xml version="1.0" encoding="UTF-8"?>
<collection xmlns="http://www.loc.gov/MARC21/slim">
 <record>
  <leader>02899nam a22005171i 4500</leader>
  <controlfield tag="001">000707227</controlfield>
  <controlfield tag="003">CaToSAGE</controlfield>
  <controlfield tag="005">20240202172917.0</controlfield>
  <controlfield tag="005">20190104174335.4</controlfield>
  <controlfield tag="006">m|||||o||d||||||||</controlfield>
  <controlfield tag="007">cr |||||||||||</controlfield>
  <controlfield tag="008">190104r20172017enk    fob    000 0|eng|d</controlfield>
  <datafield tag="STA" ind1=" " ind2=" ">
   <subfield code="a">NEZPRACOVANÝ IMPORT</subfield>
  </datafield>
  <datafield tag="020" ind1=" " ind2=" ">
   <subfield code="a">9781526462633 (ebook) :</subfield>
   <subfield code="c">No price</subfield>
  </datafield>
  <datafield tag="035" ind1=" " ind2=" ">
   <subfield code="a">(OCoLC)1089144383</subfield>
  </datafield>
  <datafield tag="040" ind1=" " ind2=" ">
   <subfield code="a">CaToSAGE</subfield>
   <subfield code="b">eng</subfield>
   <subfield code="c">CaToSAGE</subfield>
   <subfield code="e">rda</subfield>
   <subfield code="e">pn</subfield>
   <subfield code="d">UtOrBLW</subfield>
  </datafield>
  <datafield tag="043" ind1=" " ind2=" ">
   <subfield code="a">n us</subfield>
  </datafield>
  <datafield tag="050" ind1=" " ind2="4">
   <subfield code="a">GV429.A2</subfield>
   <subfield code="b">H36 2017</subfield>
  </datafield>
  <datafield tag="082" ind1="0" ind2="4">
   <subfield code="a">796.068</subfield>
  </datafield>
  <datafield tag="100" ind1="1" ind2=" ">
   <subfield code="a">Hambrick, Marion E.,</subfield>
   <subfield code="e">author.</subfield>
  </datafield>
  <datafield tag="245" ind1="1" ind2="0">
   <subfield code="a">Riding into the future :</subfield>
   <subfield code="b">a financial examination of SoulCycle and the indoor cycling studio trend /</subfield>
   <subfield code="c">Marion E. Hambrick.</subfield>
  </datafield>
  <datafield tag="264" ind1=" " ind2="1">
   <subfield code="a">London :</subfield>
   <subfield code="b">Human Kinetics, Inc.,</subfield>
   <subfield code="c">2017.</subfield>
  </datafield>
  <datafield tag="300" ind1=" " ind2=" ">
   <subfield code="a">1 online resource.</subfield>
  </datafield>
  <datafield tag="336" ind1=" " ind2=" ">
   <subfield code="a">text</subfield>
   <subfield code="b">txt</subfield>
   <subfield code="2">rdacontent</subfield>
  </datafield>
  <datafield tag="337" ind1=" " ind2=" ">
   <subfield code="a">computer</subfield>
   <subfield code="b">c</subfield>
   <subfield code="2">rdamedia</subfield>
  </datafield>
  <datafield tag="338" ind1=" " ind2=" ">
   <subfield code="a">online resource</subfield>
   <subfield code="b">cr</subfield>
   <subfield code="2">rdacarrier</subfield>
  </datafield>
  <datafield tag="490" ind1="1" ind2=" ">
   <subfield code="a">SAGE Knowledge. Cases</subfield>
  </datafield>
  <datafield tag="500" ind1=" " ind2=" ">
   <subfield code="a">Originally Published InHambrick, M. (2017). Riding into the future: A financial examination of SoulCycle and the indoor cycling studio trend. Case Studies in Sport Management, 6(1), 86-94.</subfield>
  </datafield>
  <datafield tag="504" ind1=" " ind2=" ">
   <subfield code="a">Includes bibliographical references and index.</subfield>
  </datafield>
  <datafield tag="520" ind1="8" ind2=" ">
   <subfield code="a">SoulCycle is a $122 million company offering customers 45-min workouts in its indoor cycling studios. As one of the first boutique fitness firms to emerge in the $28.5 billion fitness industry, SoulCycle grew from one indoor cycling studio in New York City in 2006 to 67 studios across the United States by 2016. SoulCycle executives faced a pivotal moment in May 2016. Chief executive officer Melanie Whelan recognized the company faced increasing competition in the boutique fitness segment, with companies such as Flywheel and Peloton making inroads into this market. In addition, two of SoulCycle's founders resigned from their leadership positions earlier the same year. These developments led to questions about the long-term viability of SoulCycle within the larger fitness industry. A detailed financial analysis of SoulCycle, including an examination of the company's financial statements, financial ratios, strategic initiatives, and competitors, could provide insights about its chances for continued success.</subfield>
  </datafield>
  <datafield tag="588" ind1=" " ind2=" ">
   <subfield code="a">Description based on XML content.</subfield>
  </datafield>
  <datafield tag="655" ind1=" " ind2="7">
   <subfield code="a">elektronické knihy</subfield>
   <subfield code="7">fd186907</subfield>
   <subfield code="2">czenas</subfield>
  </datafield>
  <datafield tag="655" ind1=" " ind2="9">
   <subfield code="a">electronic books</subfield>
   <subfield code="2">eczenas</subfield>
  </datafield>
  <datafield tag="600" ind1="1" ind2="0">
   <subfield code="a">Whelan, Melanie.</subfield>
  </datafield>
  <datafield tag="610" ind1="2" ind2="0">
   <subfield code="a">SoulCycle.</subfield>
  </datafield>
  <datafield tag="650" ind1=" " ind2="0">
   <subfield code="a">Physical fitness centers</subfield>
   <subfield code="z">United States.</subfield>
  </datafield>
  <datafield tag="650" ind1=" " ind2="0">
   <subfield code="a">Spinning (Trademark)</subfield>
  </datafield>
  <datafield tag="650" ind1=" " ind2="0">
   <subfield code="a">Corporations</subfield>
   <subfield code="x">Finance.</subfield>
  </datafield>
  <datafield tag="650" ind1=" " ind2="0">
   <subfield code="a">Competition.</subfield>
  </datafield>
  <datafield tag="830" ind1=" " ind2="0">
   <subfield code="a">SAGE Knowledge. Cases.</subfield>
  </datafield>
  <datafield tag="856" ind1="4" ind2="0">
   <subfield code="3">SAGE Knowledge</subfield>
   <subfield code="u">https://sk.sagepub.com/cases/financial-examination-soulcycle-indoor-cycling-studio-trend</subfield>
   <subfield code="y">Plný text</subfield>
  </datafield>
  <datafield tag="BAS" ind1=" " ind2=" ">
   <subfield code="a">SBC</subfield>
  </datafield>
  <datafield tag="BAS" ind1=" " ind2=" ">
   <subfield code="a">EB</subfield>
  </datafield>
  <datafield tag="993" ind1=" " ind2=" ">
   <subfield code="x">NEPOSILAT</subfield>
   <subfield code="y">EB</subfield>
  </datafield>
 </record>
</collection>
